000 00341pam a2200157a 44500
008 230515b1969 xxu||||| |||| 00| 0 eng d
020 _aNULL
041 _aENGLISH
082 _a630
100 _a5267-1969
245 _aGLOSSARY OF TERMS FOR WORM GEARS
250 _a0
260 _aDELHI
_bISI
_c1969
300 _a15
650 _aNULL
999 _c651891
_d651891